000 00588nam a22002297a 4500
003 UA-OsUOA
001 21929
007 ta
008 20031215b un ||||| |||| 00| 0 ukr d
100 _aЖовта Ірина
090 _a378
_bЖ78
942 _cSA
040 _aUA-OsUOA
_bukr
_cUA-OsUOA
_dUA-OsUOA
245 _aРеформування вищої освіти і Болонський процес
300 _aС.3
955 _a0
041 _aukr
080 _a378
044 _aUA
773 0 _w0
_tОсвіта України
_dК.
_d2003
_g9 грудня
650 7 _2UDC
999 _c308139
_d308139